¿Qu ̌proponen los partidos?

Bibliographic Details
Main Author: Peąloza, Pedro Još
Format: eBook
Language:Spanish
Published: Ciudad de Mx̌ico: Instituto Nacional de las Ciencias Penales, 2018
Subjects:
Online Access:Acceso restringido

MARC

LEADER 00000nam a22000007a 4500
005 2018111701471.0
007 cr|||| ||||
008 181117s2018 mx |||||s|||| 00||0 spa d
020 |a 978-607-8551-30-9 
035 |a 22457 
040 |a vLex 
090 |c 8315  |d 8315 
100 1 |a Peąloza, Pedro Još 
245 1 0 |a ¿Qu ̌proponen los partidos?  |h [Recurso electrn̤ico] /  |c Pedro Jos ̌Peąloza 
256 |a Servicio en ln̕ea 
260 |a Ciudad de Mx̌ico:  |b Instituto Nacional de las Ciencias Penales,  |c 2018 
300 |a 1 recurso electrn̤ico 
500 |a Un anl̀isis crt̕ico de sus plataformas electorales en materia de seguridad pb︢lica, procuracin̤ de justicia y derechos humanos 
506 1 |a Disponible solo en los productos indicados  |d vLex Global  |d vLex Global (Academic Edition, excluding Law Schools)  |d vLex Global (U.S. Academic Edition, Law Schools)  |d vLex Global (U.S. Academic Edition, excluding Law Schools)  |d vLex Global (Academic Edition, Law Schools) 
650 0 4 |a Derecho Constitucional  |z Mx̌ico 
740 0 |a vLex Libros (Servicio en ln̕ea) 
856 4 0 |u http://vlex.com/source/-que-proponen-los-partidos--22457  |z Acceso restringido 
942 |c BOOK 
999 0 |a Constitutional right